Questions and answers encyclopedia / (Record no. 133239)

MARC details
000 -LEADER
fixed length control field 00707nam a22002297a 4500
005 - DATE AND TIME OF LATEST TRANSACTION
control field 20170124110206.0
010 ## - LIBRARY OF CONGRESS CONTROL NUMBER
LC control number B-122103
020 ## - INTERNATIONAL STANDARD BOOK NUMBER
Terms of availability 00.00
International Standard Book Number 1842364170
035 ## - SYSTEM CONTROL NUMBER
System control number B-122103
037 ## - SOURCE OF ACQUISITION
Source of stock number/acquisition Cen Lib/Ret
040 ## - CATALOGING SOURCE
Original cataloging agency DPL
Language of cataloging EN
082 ## - DEWEY DECIMAL CLASSIFICATION NUMBER
Classification number 030
Item number PAR
100 ## - MAIN ENTRY--PERSONAL NAME
Personal name Parker, Steve
9 (RLIN) 37343
245 ## - TITLE STATEMENT
Title Questions and answers encyclopedia /
Statement of responsibility, etc by Steve Parker [and] Brian Williams
260 ## - PUBLICATION, DISTRIBUTION, ETC. (IMPRINT)
Place of publication, distribution, etc Great Barfield
Name of publisher, distributor, etc Miles kelly publishing
Date of publication, distribution, etc 2004
270 ## - ADDRESS
City Great Barfield
300 ## - PHYSICAL DESCRIPTION
Extent 256p. :
Dimensions 27cm(Hb)
Other physical details ill.
500 ## - GENERAL NOTE
General note Includes index
650 ## - SUBJECT ADDED ENTRY--TOPICAL TERM
Topical term or geographic name as entry element Children's questions and answers
Form subdivision Encyclopeadia
9 (RLIN) 72709
700 ## - ADDED ENTRY--PERSONAL NAME
Personal name Williams, Brian
9 (RLIN) 72710
942 ## - ADDED ENTRY ELEMENTS (KOHA)
Source of classification or shelving scheme Dewey Decimal Classification
Koha item type
Classification part 030
Call number suffix PAR
Holdings
Withdrawn status Lost status Damaged status Not for loan Home library Current library Date acquired Source of acquisition Cost, normal purchase price Total Checkouts Full call number Barcode Date last seen Copy number Cost, replacement price Price effective from Koha item type
        Central Library Central Library 25/07/2015 Cen Lib/Ret 0.00   030 PAR B-122103 25/07/2015 1 0.00 25/07/2015 English Books

© Delhi Public Library
Hit Counter
free hit counter